|
|
|
|
| LEADER |
00000nkm a2200000 a 4500 |
| 001 |
vtls011912482 |
| 003 |
SK-MaSNL |
| 005 |
20260331211124.0 |
| 007 |
kf co |
| 008 |
231213s1975 xo g kuslo |
| 015 |
|
|
|a SNBG1975
|
| 035 |
|
|
|a urn:nbn:sk:snk-km00e9wj
|
| 035 |
|
|
|a urn:nbn:sk:snk-km43h9o
|
| 035 |
|
|
|a 82D35860-9791-40F4-9612-D1C7EE7963FC
|
| 040 |
|
|
|a SNK
|b slo
|c SNK
|e AACR2
|
| 041 |
0 |
|
|a slo
|
| 043 |
|
|
|a e-xo---
|
| 044 |
|
|
|a xo
|c SK
|
| 072 |
|
7 |
|a 913
|x Regionálna geografia
|2 konspekt
|
| 080 |
|
|
|a 913(437.6)
|2 2011
|
| 080 |
|
|
|a 725.948
|2 2011
|
| 080 |
|
|
|a (084.121)
|2 2011
|
| 080 |
|
|
|a 711.582
|2 2011
|
| 080 |
|
|
|a 725.1:613.47-026.912
|2 2011
|
| 080 |
|
|
|a 725.1:613.47
|2 2011
|
| 080 |
|
|
|a 640.412
|2 2011
|
| 080 |
|
|
|a 640.43
|2 2011
|
| 100 |
1 |
|
|a Jurisa, Eugen,
|d 1908-1994
|4 pht
|9 7598
|
| 245 |
1 |
0 |
|a Dunajská Streda
|h grafika
|b Nové sídlisko : Termálne kúpalisko : Hotel Dunaj
|c foto: E. Jurisa, J. Sekal
|
| 260 |
|
|
|a Bratislava
|b ČTK-Pressfoto
|c 1975
|e Skalica
|f Grafobal
|
| 300 |
|
|
|a 1 pohľadnica (4 čiastkové pohľady)
|b farebná
|c 11 x 15 cm
|
| 520 |
8 |
|
|a Zobrazenie: Štyri čiastkové pohľady na zlatom podklade s erbom mesta uprostred hore. Pohľad na fontánu v popredí, v pozadí vidno tri poschodové panelové domy. Pohľad na kúpalisko, rekreujúcich sa ľudí pod slnečníkmi vedľa bezénov. Pohľad na bazén plný ľudí na kúpalisku. Pohľad na Hotel Dunaj s terasou reštaurácie v popredí
|
| 650 |
0 |
7 |
|a fontány
|2 SNKPH
|9 3014
|
| 650 |
0 |
7 |
|a sídliská
|2 SNKPH
|9 26585
|
| 650 |
0 |
7 |
|a kúpaliská
|2 SNKPH
|9 4394
|
| 650 |
0 |
7 |
|a bazény
|2 SNKPH
|9 30214
|
| 650 |
0 |
7 |
|a hotely
|2 SNKPH
|9 18422
|
| 650 |
0 |
7 |
|a reštaurácie
|2 SNKPH
|9 23080
|
| 651 |
|
7 |
|a Dunajská Streda (Slovensko)
|2 SNKPHgeo
|9 17375
|
| 655 |
|
7 |
|a miestne pohľadnice
|2 SNKPH
|9 70510
|
| 700 |
1 |
|
|a Sekal, Josef,
|d 1936-
|4 pht
|9 83549
|
| 852 |
|
|
|a Slovenská národná knižnica
|
| 954 |
|
|
|a pohľadnice pôvodné (slovenské)
|2 lita
|
| 954 |
|
|
|a pohľadnice cudzojazyčné (svetové)
|2 lita
|
| 958 |
|
|
|a GBN
|
| 958 |
|
|
|a GC
|
| 958 |
|
|
|a OND
|
| 958 |
|
|
|a EUIPO
|
| 999 |
|
|
|c 950233
|d 952163
|
| 952 |
|
|
|a SNK
|b SNK
|y PREZ
|7 0
|p 17A1381732
|o snkSP 71605
|0 0
|1 0
|4 0
|d 2020-01-22
|f 1
|l 0
|r 2026-02-24 09:46:14
|w 2026-02-24
|